[Event "EU-Cup 18th"]
[Site "Kallithea"]
[Date "2002.09.23"]
[Round "2.1"]
[White "Winants, Luc"]
[Black "Bischoff, Klaus"]
[Result "1/2-1/2"]
[WhiteElo "2504"]
[BlackElo "2554"]
[Annotator "Finkel,A"]
[PlyCount "57"]
[EventDate "2002.09.22"]
[EventType "team-swiss"]
[EventRounds "7"]
[EventCountry "GRE"]
[SourceTitle "CBM 092"]
[Source "ChessBase"]
[SourceDate "2003.02.06"]
[SourceVersion "1"]
[SourceVersionDate "2003.02.06"]
[SourceQuality "1"]
[WhiteTeam "Liege"]
[BlackTeam "Klagenfurt"]
[WhiteTeamCountry "BEL"]
[BlackTeamCountry "AUT"]

1. d4 e6 2. Nf3 Nf6 3. Bg5 h6 4. Bh4 b6 5. e3 Bb7 6. Bd3 c5 7. O-O cxd4 (7...
Be7 8. Nbd2 (8. dxc5 Bxc5 9. c4 Be7 10. Nc3 d6 11. Bxf6 Bxf6 12. Be4 Nc6 13.
Qd2 a6 14. Rfd1 Be7 15. Rac1 O-O 16. Bb1 Qb8 17. Qd3 g6 18. Ne4 $14 {Pira,
D-Ermenkov,E/Orange 1990}) (8. a4 O-O 9. c3 d6 10. a5 Na6 11. Nbd2 cxd4 12.
exd4 Nd5 13. Bxe7 Qxe7 14. Re1 Nac7 15. Nf1 b5 16. Ng3 $13 {Ye
Rongguang-Schandorff,L/Thessaloniki 1988}) 8... d5 (8... Nc6 9. dxc5 bxc5 10.
e4 d6 11. c3 O-O 12. a3 Rc8 13. h3 Nh5 14. Bxe7 Qxe7 15. Re1 Nf4 $11 {Hort,
V-Makarichev,S/Oslo 1984}) 9. c3 Nc6 10. Qe2 O-O 11. Rad1 Re8 12. Rfe1 Rc8 13.
Bb1 Rc7 14. dxc5 bxc5 15. e4 $14 {De Pauli,M-Contin,D/Buenos Aires 1982}) 8.
exd4 Be7 9. c4 $5 {Very interesting idea! When I first looked at this game I
thought that this move is just bad and black wins a pawn on d4 for free,
however my impression was wrong and it seems that white gets sufficient
compensation for a pawn. Anyway it's very difficult to refute it during the
game.} (9. a4 O-O 10. Nbd2 d6 11. c3 Nbd7 12. a5 bxa5 13. Nc4 a4 14. Rxa4 Nb6
15. Ra2 Bd5 16. Nfd2 Qc7 17. Qe2 Rfc8 18. b3 Nxc4 19. bxc4 Bc6 20. f4 $14 {
Kochyev,A-Norri,J/Helsinki 1997}) (9. Bxf6 Bxf6 10. c3 O-O 11. Nbd2 d6 12. Re1
Nd7 13. Ne4 Be7 14. Bc2 Nf6 15. Nxf6+ Bxf6 16. Qd3 g6 17. Rxe6 $16 {Izeta
Txabarri,F-Vehi Bach,V/San Sebastian 1993}) (9. Nbd2 O-O 10. Re1 d6 11. c3 Nbd7
12. Qe2 Re8 13. a4 a6 14. h3 Qc8 15. Bg3 Bc6 16. Ne4 Nxe4 17. Bxe4 b5 $11 {
Mirzoev,A-Rozentalis,E/Koszalin 1997}) 9... Bxf3 10. Qxf3 Nc6 11. Qh3 ({
An attempt to hold a pawn was doomed to failure:} 11. Qe3 $6 Ng4 12. Bxe7 Nxe3
13. Bxd8 Nxf1 14. Bc7 (14. Bh4 g5 $19) 14... Nb4 15. Be4 Rc8 16. Bd6 Rxc4 17.
Kxf1 Rxd4 $17) 11... Nxd4 12. Nc3 O-O 13. Rad1 Rc8 (13... d5 14. Bxf6 Bxf6 15.
cxd5 exd5 16. Bb1 (16. Qh5 Ne6 17. Nxd5 Bxb2 18. Rfe1 Qg5 $15) 16... Re8 17.
Qg4 $13) 14. Bb1 $44 Nc6 (14... Rxc4 $2 15. Bxf6 Bxf6 16. Qd3 $18) 15. Bg3 {
White is preparing to bring the knight to d6.} Ne8 (15... d5 $6 16. cxd5 exd5
17. Nxd5 Nxd5 18. Qf5 g6 19. Qxd5 $14) 16. Rd2 f5 17. Rfd1 Nf6 18. Nb5 Rf7 (
18... Na5 $6 19. b3 {[%csl Ra7]}) 19. Nd6 Bxd6 20. Bxd6 Na5 21. b3 {There is
no doubt that white is doing great, however it's not so clear for nither side
how to improve the position...I guess that's the main reason why they repeated
moves accpeting a draw.} Nb7 22. Be5 Nc5 23. Bb2 a5 24. Qe3 $6 (24. Re2 Qf8 (
24... Nfe4 25. f3 Nf6 26. Qg3) 25. Qe3 $44) 24... Nfe4 25. Re2 (25. Rd4 Qg5 26.
Qe2 $14) 25... Qg5 $132 26. Qd4 Qf6 27. Qe3 Qg5 28. Qd4 Qf6 29. Qe3 1/2-1/2

[Event "EU-chT (Men) 14th"]
[Site "Plovdiv"]
[Date "2003.10.20"]
[Round "9.2"]
[White "Chatalbashev, Boris"]
[Black "Berkes, Ferenc"]
[Result "1/2-1/2"]
[WhiteElo "2534"]
[BlackElo "2616"]
[Annotator "Finkel,A"]
[PlyCount "119"]
[EventDate "2003.10.10"]
[EventType "team-swiss"]
[EventRounds "9"]
[EventCountry "BUL"]
[SourceTitle "CBM 098"]
[Source "ChessBase"]
[SourceDate "2004.02.03"]
[SourceVersion "1"]
[SourceVersionDate "2004.02.03"]
[SourceQuality "1"]
[WhiteTeam "Bulgaria"]
[BlackTeam "Hungary"]
[WhiteTeamCountry "BUL"]
[BlackTeamCountry "HUN"]

1. d4 Nf6 2. Nf3 e6 3. Bg5 c5 4. e3 h6 5. Bh4 Qb6 6. Nbd2 {Interesting
sacrifice promising white some compensation for the pawn.} Qxb2 (6... cxd4 7.
exd4 Qxb2 8. Bxf6 gxf6 9. Bd3 Nc6 10. d5 Nb4 11. dxe6 Nxd3+ 12. cxd3 dxe6 13.
O-O Bg7 $17 {Chuprikov,D-Kalugin,S/Voronezh 1998}) 7. Bxf6 gxf6 8. Bd3 Qb6 (
8... Qc3 9. O-O d5 10. e4 c4 11. Be2 Bg7 12. Rb1 Qa5 13. exd5 exd5 14. Re1 O-O
15. Nh4 f5 $17 {Kostadinov,R-Arkhipov,S/Belgrade 1990}) (8... Nc6 9. O-O cxd4 (
9... d5 10. c4 Qc3 11. Be2 cxd4 12. cxd5 exd5 13. Nxd4 Nxd4 14. exd4 Bd6 15.
Nb3 O-O 16. Rc1 Qb4 $15 {Izeta Txabarri,F-Knorr Jarillo,J/Euskadi 2000}) 10.
Rb1 Qa3 11. Nxd4 d5 12. Qf3 Qe7 13. Nxc6 bxc6 14. e4 a6 15. exd5 cxd5 16. c4
$44 {Bennett,J-Arikok,E/Geneve 1994}) 9. O-O Qc7 10. c4 d6 (10... Bg7 $5 11.
Ne4 Na6 12. Rb1 $44) 11. d5 Be7 (11... Bg7 12. Rb1 f5 13. dxe6 fxe6 14. e4 O-O
$15) 12. Rb1 f5 13. dxe6 Bxe6 (13... fxe6 14. e4 O-O 15. exf5 exf5 16. Re1 Nc6
17. Nf1 f4 18. Qe2 $36) 14. Rb3 (14. Qc2 Qd7 (14... Nc6 15. Bxf5 Nb4 16. Qe4 d5
17. Qg4 Bxf5 18. Qxf5 $14) 15. Qb2 Rg8 16. Qxb7 Qxb7 17. Rxb7 Nd7 $132) 14...
Nc6 15. Qb1 Nb4 $6 (15... Qc8 16. Rxb7 Nb4 17. Rb5 a6 18. Ra5 Nxd3 19. Qxd3 O-O
20. Nb1 d5 $13) 16. Bxf5 Bxf5 17. Qxf5 Nxa2 18. Ne4 Nb4 19. Rd1 Rg8 20. Nd4 (
20. Qh7 Rf8 21. Qxh6 O-O-O 22. Nc3 Qd7 23. Qf4 $14) 20... cxd4 21. Rxb4 dxe3 (
21... d5 22. Nf6+ Bxf6 23. Qxf6 dxc4 24. Qxd4 (24. Rxd4 Qc6 25. Qxc6+ bxc6 26.
Rdxc4 Rg6 $11) 24... Rd8 25. Qe4+ Kf8 26. Rc1 $14) 22. fxe3 Qc6 23. Rb2 {
[%csl Rg2]} Rg6 24. Nc3 Bf6 $2 25. Rf2 $6 {It was better to keep the rook on
the b-file.} (25. Rf1 $1 {[%csl Gb7][%cal Gc3d5]} Kd8 (25... Qd7 26. Qe4+ $1
Qe6 27. Rxf6 $1 Rxf6 28. Nd5 $18 {[%csl Rf6][%cal Gd5c7]}) 26. Rbf2 Bxc3 27.
Qxf7 Rg7 28. Qf8+ Qe8 29. Qxe8+ Kxe8 30. Rf8+ $18) 25... Qd7 26. Qxd7+ Kxd7 27.
Nd5 Bd8 28. Rxf7+ Kc6 29. Rb1 $1 (29. Nb4+ Kc5 30. Rxb7 a5 31. Nd3+ Kc6 32. Rb3
Bb6 $44) 29... b6 30. Rb5 {[%cal Gd5b4]} a5 $8 31. Kf2 Rb8 32. Kf3 Re6 33. g4 (
33. Ra7 Rb7 34. Ra6) 33... Rb7 34. Rf8 Rd7 35. h4 (35. e4 $5 Re5 36. Ke3 Rg5
37. h3 h5 38. gxh5 Rxh5 39. Nb4+ axb4 40. Rxh5 $18) 35... Re5 36. e4 $6 {
Giving up major part of the advantage.} (36. Rh8 $1 Bxh4 $140 $2 37. Rxb6+ Kc5
38. Rc8+ $18) 36... Bxh4 37. Rxb6+ Kc5 38. Ke3 Bg5+ 39. Kf3 (39. Kd3 $4 Rxd5+)
39... Kxc4 40. Rb1 Rd8 41. Rf7 Kd3 42. Rb3+ Kd4 43. Ra3 Ree8 (43... Rxe4 $5 44.
Ra4+ Kxd5 45. Rxe4 Kc5 $11) 44. Ra4+ Kd3 45. Ra3+ Kc2 46. Rxa5 Ra8 47. Rxa8
Rxa8 48. Ke2 Ra1 49. Rc7+ Kb2 50. Rc6 Rg1 51. Kf3 Rf1+ 52. Ke2 Rg1 53. Rb6+ Ka3
54. Kd3 Rxg4 55. Nc3 Bf6 56. Ra6+ Kb4 57. Nd5+ Kb5 58. Rxd6 Rg3+ 59. Kc2 Bg5
60. e5 1/2-1/2

[Event "Abu Dhabi op 13th"]
[Site "Abu Dhabi"]
[Date "2003.08.17"]
[Round "2"]
[White "Murshed, Niaz"]
[Black "Ionov, Sergey"]
[Result "1/2-1/2"]
[WhiteElo "2443"]
[BlackElo "2556"]
[Annotator "Finkel,A"]
[PlyCount "58"]
[EventDate "2003.08.16"]
[EventType "swiss"]
[EventRounds "9"]
[EventCountry "UAE"]
[SourceTitle "CBM 097"]
[Source "ChessBase"]
[SourceDate "2003.11.11"]
[SourceVersion "1"]
[SourceVersionDate "2003.11.11"]
[SourceQuality "1"]

1. d4 Nf6 2. Nf3 e6 3. g3 c5 4. Bg2 cxd4 5. Nxd4 a6 6. O-O Qc7 7. e4 Nc6 8. c4
Nxd4 9. Qxd4 Bc5 10. Qc3 (10. Qd3 O-O (10... Ng4 11. Qe2 Ne5 12. Bf4 d6 13. Nd2
O-O (13... Nc6 14. Nb3 e5 15. Be3 Bxe3 16. Qxe3 Be6 17. Rac1 O-O 18. f4 f6 $15
{Dovliatov,S-Gashimov,V/Baku 2001}) 14. Rfd1 b5 15. Rac1 Qa7 16. Nb3 bxc4 17.
Nxc5 Qxc5 18. Bxe5 Qxe5 19. Rxc4 $14 {Sherzer,A-Fogarasi,T/HUN 1995}) 11. Nc3
d6 12. Bg5 Ng4 13. b3 Rb8 14. Qe2 Ne5 15. Rac1 Bd7 16. Rfd1 Rfc8 $11 {
Scanavino,E-Wexler,B/Buenos Aires 1964}) (10. Qd2 O-O 11. b3 d6 12. Bb2 e5 13.
Nc3 Bg4 14. Rac1 Rac8 15. h3 Bd7 16. Kh2 Bc6 $13 {Bates,R-Miles,A/England 1996}
) 10... e5 (10... Qb6 11. Nd2 a5 12. Nb3 Bb4 13. Qf3 e5 14. Be3 Qc7 15. Bh6 O-O
16. Bg5 Be7 17. Rac1 d6 18. Nd2 $14 {Cobb,C-Hanreck,A/England 1996}) 11. Na3 (
11. Qd3 d6 12. Nc3 Be6 13. b3 Rc8 14. Bb2 h5 15. h4 Ng4 16. Bf3 $14 {
Kaushansky,L-Burke,J/Chicago 1994}) 11... d6 12. Nc2 $6 {White is playing
without clear plan simply moving the pieces. Such a strategy is very dangerous
even in such a safe position as the following one.} (12. Bg5 $5 Be6 (12... Bd4
$6 13. Qd2 Nd7 14. Nc2 Qxc4 (14... Ba7 15. Rac1 $36 {[%csl Rd6]}) 15. Nxd4 Qxd4
16. Qxd4 exd4 17. Rfd1 $16) 13. Bxf6 gxf6 14. Rad1 Rd8 $132) 12... Be6 13. Be3
O-O 14. Rac1 Rfc8 15. Bxc5 (15. Nb4) 15... Qxc5 16. Ne3 a5 $1 {black is not
satisfied with a half of point aftr 16...b5} (16... b5 17. cxb5 (17. b3 bxc4
18. Nxc4 Bxc4 19. Qxc4 Qxc4 20. Rxc4 Rxc4 21. bxc4 Rb8 $1 22. Rd1 Kf8 $1 $15)
17... Qxc3 18. Rxc3 Rxc3 19. bxc3 axb5 20. Rd1 Rxa2 21. Rxd6 $11) 17. Kh1 $6 b5
18. cxb5 Qxb5 19. Qa3 Rxc1 20. Rxc1 Qb4 $1 21. Nd5 Bxd5 $6 {Not the best way
to meet white's attempt to escape.} (21... Nxd5 $1 22. exd5 Qxa3 23. bxa3 Rc8
$1 24. Rb1 Bf5 $17) 22. exd5 Qxa3 23. bxa3 Rb8 24. h3 g6 $6 (24... Kf8) 25. Rc6
$13 {After this one white is out of danger.} Ne8 26. Bf1 Kg7 27. Ra6 Rb2 28.
Kg1 Rxa2 29. Rxa5 Nf6 1/2-1/2

[Event "IND-ch"]
[Site "Mumbai"]
[Date "2003.01.25"]
[Round "12"]
[White "Suvrajit, Saha"]
[Black "Barua, Dibyendu"]
[Result "0-1"]
[WhiteElo "2390"]
[BlackElo "2541"]
[Annotator "Finkel,A"]
[PlyCount "118"]
[EventDate "2003.01.18"]
[EventType "tourn"]
[EventRounds "21"]
[EventCountry "IND"]
[EventCategory "8"]
[SourceTitle "CBM 094"]
[Source "ChessBase"]
[SourceDate "2003.05.26"]
[SourceVersion "1"]
[SourceVersionDate "2003.05.26"]
[SourceQuality "1"]

1. d4 Nf6 2. Nf3 e6 3. Bf4 c5 4. c3 cxd4 5. cxd4 Qb6 6. Qb3 Qxb3 {Possible
continuation promising black comfortable play.} (6... Nd5 7. Bxb8 Rxb8 8. Qxb6
Nxb6 9. Nbd2 d5 10. e3 Bd6 11. O-O-O f6 12. Bd3 Bd7 $11 {Pils,W-Toshkov,T/
Albena 1984}) (6... Bb4+ 7. Nc3 (7. Bd2 Nc6 8. e3 d5 9. a3 Bxd2+ 10. Nfxd2 Qxb3
11. Nxb3 b6 {1/2-1/2 Bronstein,D-Psakhis,L/Gausdal 1994}) 7... Nc6 8. Bd2 (8.
Rd1 Ne4 9. Bd2 Nxd2 10. Rxd2 d5 11. a3 Bxc3 12. Qxc3 Bd7 13. b4 $14 {Duer,
W-Hofbauer,M/Austria 1992}) 8... O-O 9. e3 d5 10. Be2 Bd7 11. O-O Na5 12. Qd1
Rfc8 $15 {Ferry,R-Roos,L/Rouen 1987}) 7. axb3 Nc6 8. Nc3 Nb4 $5 {An attempt to
fight for the advantage, however white is well prepared to meet this one.} (
8... Bb4 9. Bd2 d5 (9... b6 10. Nb5 (10. e3 Bb7 11. Bd3 O-O 12. O-O d5 13. Ra4
Be7 14. Nb5 Rfc8 $11 {Secula,V-Reichenbach,W/Grieskirchen 1998}) 10... Ke7 11.
e3 Bb7 12. Be2 Rhc8 13. O-O a5 14. Nc3 Ba6 15. Bxa6 Rxa6 16. Rfc1 Raa8 17. Ne1
d5 18. Nd3 Nd7 19. Kf1 Kd8 {1/2-1/2 Bosque Ortega,X-Alvarez Ibarra,R/Barbera
1997}) (9... O-O 10. e3 d5 11. Bd3 Bd7 12. Na2 Bd6 13. O-O a6 14. Rfc1 Rfc8 15.
Bc3 Be8 16. Nd2 a5 $11 {Zach,A-Assmann,T/Baden-Baden 1999}) 10. e3 (10. Nb5 Ke7
11. e3 Ne4 12. Bxb4+ Nxb4 13. Rc1 Bd7 14. Be2 a6 15. Na3 Rac8 $15 {Becker,
M-Baklan,V/Bad Zwesten 1998}) 10... Bd7 11. Bd3 Ke7 12. Ke2 Rhc8 13. Rhc1 Kd8
$11 {Nikolic,Z-Maksimovic,D/Cetinje 1991}) 9. Rc1 Nfd5 10. Bd2 {White isn't
ready to take any risks even though the position arising after} (10. Nb5 $5
Nxf4 (10... f5 $6 11. Nd6+ Bxd6 12. Bxd6 b6 13. Ne5 $1 a5 14. e3 Ba6 15. Kd2
$16 {[%csl Ra8,Rh8]}) 11. Nc7+ Kd8 12. Nxa8 Bd6 13. g3 Ng6 14. Bg2 $13 {
isn't perfectly clear since it's not that easy for black to win the knight on
a8.}) (10. Bg3 $5) 10... f5 11. Ne5 b6 12. g4 $5 (12. g3 Bb7 13. Bg2 Be7 (13...
Bd6 $2 14. Nb5 $1 {[%csl Rb4][%cal Gg2b7]} Bxe5 15. dxe5 Bc6 16. Nd6+ Ke7 17.
O-O $16) 14. Nb5 {[%cal Gb5c7]} Bc6 15. Nxc6 dxc6 16. Na3 $14) 12... Bb7 13.
Bg2 fxg4 14. Nb5 $1 ({It was also possible to play} 14. Nxg4 {with unclear
position, but move in the game is much better.}) 14... Ba6 (14... Bc6 15. Nxc6
dxc6 16. Na3 $44) 15. Nc7+ Nxc7 16. Rxc7 Rc8 17. Rxd7 $2 {Serious mistake
depriving white a chance to increase his advantage. White just takes the wrong
pawn! After correct} (17. Rxa7 $1 Bb5 18. Bc3 {[%cal Ge1d2]} Nc6 19. Nxc6 Bxc6
20. Bxc6 Rxc6 21. Ra8+ Kf7 22. h3 gxh3 23. Rxh3 $16 {white's advantage would
be beyond the questions.}) 17... Bb5 $1 18. Rxa7 Nc2+ 19. Kd1 Nxd4 $13 {
[%csl Rb3,Re2] Restoring the material balance.} 20. Re1 $1 {Very important
defensive move. It's essential to keep the pawn on e2 because after} (20. e3 $6
Nxb3 21. Bc3 Bd6 $1 22. Nf7 (22. Nxg4 $2 h5 {[%csl Rg4]} 23. Ne5 Bxe5 24. Bxe5
Rc1#) 22... Bb8 23. Rb7 Rf8 $1 (23... O-O 24. Nh6+ gxh6 25. Rg7+ Kh8 26. Rc7+
Kg8 $11) 24. Rxb8 Rxb8 25. Nd6+ Ke7 26. Nxb5 Rxf2 $15 {black has dangerous
initiative.}) 20... Nxb3 21. Bc3 Bc5 (21... Bd6 $6 22. Nf7 Bb8 23. Rb7 Rf8 24.
Rxb8 Rxb8 25. Nd6+ Ke7 26. Nxb5 Rxf2 27. Rg1 $14 {[%csl Ge2]}) 22. e3 O-O 23.
Nxg4 Rf7 24. Rxf7 Kxf7 25. Ne5+ Ke7 26. Kc2 {The position is balanced, but
there are a lot of hidden traps left in the position so it's far from a draw
yet.} Ba4 27. Kb1 Bd6 {[%csl Re5][%cal Gc8c3]} 28. f4 g6 $6 (28... Bxe5 $5 29.
fxe5 (29. Bxe5 $6 Nd2+ 30. Ka1 Bc2 $36 {[%csl Ra1][%cal Gc8c4,Gc4a4]}) 29...
Bc6 30. Bxc6 Rxc6 31. Rg1 g6 32. Kc2 Nc5 33. Ra1 $132) 29. Nd3 Rc7 30. h4 Ke8
$5 {[%csl Gh7]} 31. h5 (31. Rh1 b5 32. Ka2 Ra7 33. Kb1 Rc7 $11) 31... gxh5 32.
Rh1 b5 33. Rxh5 $5 {[%csl Rb1]} (33. Ka2 Nd2 34. Bxd2 Bc2 35. Ba5 Ra7 36. b4
Bxd3 37. Kb2 $11) 33... b4 $1 34. Be1 (34. Bxb4 $4 Bxb4 35. Nxb4 Rc1+ 36. Ka2
Ra1#) 34... e5 $6 {Black is pushing too far in his attempts to win the game
and finds himself in inferior position.} 35. fxe5 Bf8 36. e6 Rg7 37. Be4 (37.
Bd5 $5) 37... Rg4 38. Bf3 {[%csl Rf3] Bad square for a pishop! It was better
to play} (38. Bd5 $1 $14) 38... Rg1 39. Rh1 $4 {Very painful blunder! That's
exactly the reason why bishop should be on d5- in that case white wouldn't
have to worry about Nd2+.} (39. Ka2 $5 Nd2 $1 40. Bc6+ (40. Bxd2 b3#) 40...
Bxc6 41. Bxd2 Rd1 42. Bxb4 $1 (42. Nxb4 $6 Bf3 43. Rh2 Rxd2 44. Rxd2 Bxb4 $17)
42... Rxd3 43. Bxf8 Kxf8 44. Rxh7 $15) (39. Bd5 $2 Nc5 $1 40. Nxc5 Rxe1+ 41.
Ka2 Bxc5 $19) (39. Bd1 $5) 39... Nd2+ $19 {Now it's just over.} 40. Kc1 Nxf3
41. Rxg1 Nxg1 42. Nxb4 Ne2+ 43. Kb1 Bb3 $1 44. Na6 Bd6 45. Nb4 Ke7 46. Nc6+
Kxe6 47. e4 h5 48. Na5 Bd1 49. Nc4 Bf4 50. b4 Bb3 51. Na5 Ba4 52. Nb7 Ke5 53.
Nc5 Bb5 54. Kc2 Bg3 55. Kd2 h4 56. Nd3+ Bxd3 57. Kxd3 Nf4+ 58. Kd2 Bxe1+ 59.
Kxe1 h3 0-1

[Event "Redbus KO"]
[Site "Southend"]
[Date "2001.04.13"]
[Round "1.1"]
[White "Hebden, Mark"]
[Black "McShane, Luke J"]
[Result "0-1"]
[WhiteElo "2560"]
[BlackElo "2490"]
[Annotator "Finkel,A"]
[PlyCount "152"]
[EventDate "2001.04.13"]
[EventType "k.o."]
[EventRounds "4"]
[EventCountry "ENG"]
[SourceTitle "CBM 083"]
[Source "ChessBase"]
[SourceDate "2001.07.05"]
[SourceVersion "1"]
[SourceVersionDate "2001.07.05"]
[SourceQuality "1"]

1. d4 Nf6 2. Nf3 d6 3. Nc3 Bf5 4. Bg5 d5 $5 {Losing a tempo,but preventing
white from playing e4. After 3...Bf5 this move makes sense, becuase otherwise
white easily gets an opening advantage.} (4... Nbd7 5. Nh4 Bg6 6. Nxg6 hxg6 7.
e4 e6 (7... e5 8. Qd2 Be7 9. a4 c6 10. Be2 O-O 11. Be3 exd4 12. Qxd4 d5 13.
exd5 Bc5 $13 {Hebden,M-Adams,M/BCF-ch 1997}) 8. f4 Be7 9. Bd3 (9. Qf3 Ng8 10.
Bxe7 Qxe7 11. O-O-O O-O-O 12. Kb1 Kb8 13. g3 c6 14. h4 $14 {Torre,E-Cabrilo,G/
New York op 1988}) 9... Ng8 10. Bxe7 Qxe7 11. Qf3 Qh4+ 12. g3 Qh5 13. Qxh5 gxh5
14. Nb5 $14 {Schneider Zinner,H-Holzer,G/AUT-chT2O 9495 1995}) 5. Nh4 $5 (5. e3
c6 6. Bd3 Bxd3 7. Qxd3 e6 8. e4 dxe4 9. Nxe4 Be7 $11) 5... Be6 6. Qd3 c6 7. f4
$2 {[%csl Rg5] This move is not so easy to explain and I won't even try!} (7.
Bxf6 exf6 8. e4 dxe4 9. Qxe4 Bb4 10. Bd3 g6 11. Nf3 O-O 12. O-O Nd7 $11) (7. e4
dxe4 8. Nxe4 Nxe4 9. Qxe4 g6 {[%csl Rg5,Rh4]}) 7... Ne4 $1 $17 8. f5 (8. Nxe4
dxe4 9. Qxe4 h6 10. f5 Bd5 $19) (8. Nf3 Bf5 $1 {[%cal Ge4g3]} 9. Rg1 Qb6 $1 10.
O-O-O (10. Rb1 e6 $17 {[%cal Gf8b4,Gb6a5]}) 10... Nd6 11. Na4 $8 Bxd3 12. Nxb6
axb6 13. exd3 Rxa2 $17) 8... Nxg5 9. fxe6 Nxe6 {Now black is a pawn up and
once he finishes development his advantage will become nearly decisive.} 10.
O-O-O g6 (10... Nf4 11. Qf3 Ng6 12. Nxg6 hxg6 13. e4 e6 14. Kb1 Nd7 $17) 11. e4
Bg7 12. exd5 Nf4 $1 (12... cxd5 13. Qb5+ $132 {[%csl Rb7,Rd5]}) 13. Qg3 Nxd5
14. Nf5 Bf6 15. Nh6 {Preventing black from castling kingside,but black king
feels safe in the center or on the queenside.} Nxc3 16. bxc3 Qa5 17. h4 Nd7 (
17... Qxa2 $5 18. Qc7 Nd7 19. Qxb7 Rb8 20. Qxc6 Bg7 21. Ng4 Qb2+ 22. Kd2 Bxd4
23. cxd4 Qxd4+ 24. Ke1 Qxg4 $19 {[%cal Gg4d7]}) 18. Bc4 Rf8 19. Rhe1 Qa3+ 20.
Kb1 Nb6 21. Bb3 O-O-O 22. Ng4 (22. Nxf7 $2 Rxf7 23. Bxf7 Na4 {[%csl Rb1]} 24.
Be6+ Rd7 25. Bxd7+ Kxd7 26. Qg4+ Kd8 $19) 22... a5 $5 23. Ne5 $8 Bxe5 (23... a4
24. Nc4 Nxc4 25. Bxc4 $17) 24. Rxe5 e6 (24... a4 $6 25. Ra5 {[%cal Ga5a3]}) 25.
Rf1 Qd6 $1 {[%cal Gd6g3] Forcing the exchange of the queens} 26. a4 Nd7 27. Re3
Qxg3 28. Rxg3 Rde8 $19 {The endgame is just a matter of technique and iit
seems that young Englishman doesn't lack it!} 29. h5 Kc7 (29... Kd8 $5 30. Rg5
b6 31. c4 Ke7 32. c3 h6 33. Rg3 g5 $19) 30. hxg6 hxg6 31. Rh3 Re7 32. Rh7 Kd6
33. Rg7 b5 34. c4 bxa4 (34... bxc4 35. Bxc4 c5 (35... Nb6 $6 36. Bb3 c5 37.
dxc5+ Kxc5 38. Rxg6 $11 {[%cal Gf1f8]}) 36. c3 cxd4 37. cxd4 $16) 35. c5+ Kc7
36. Bxa4 e5 37. dxe5 $2 {[%csl Rc5]} (37. c3 $1 {[%csl Rd7,Re7,Rf8]}) 37...
Nxe5 {[%csl Ge5]} 38. Bb3 Rd7 39. Kc1 f5 $1 {Now it's going to be much easier!}
40. Rg8 Rxg8 41. Bxg8 Rg7 42. Be6 Re7 43. Bg8 Nd7 44. Rh1 Rg7 45. Rh8 Nxc5 46.
Bc4 Kd6 47. Ra8 a4 48. Kb2 g5 49. Kc3 f4 50. Rd8+ Kc7 51. Rf8 Re7 52. Rg8 Re5
53. Kb4 Kb6 54. Rb8+ Kc7 55. Rg8 Kb6 56. Rb8+ Nb7 57. Bd3 Re3 58. Ra8 (58. Kxa4
$1 Kc7 59. Rg8 Nc5+ 60. Kb4 Nxd3+ 61. cxd3 Rg3 62. Kc5 Kd7 63. Rg7+ Ke6 64.
Kxc6 Rxg2 $19) 58... Nc5 59. Bf5 Rg3 60. Rb8+ Nb7 61. Be4 (61. Bc8 Kc7 {
[%cal Gc7b8,Gc7c8]}) 61... a3 62. Bd3 Ka7 63. Re8 c5+ 64. Ka4 a2 65. Re1 Nd6
66. Ra1 Rxg2 67. Rxa2 Rg1 68. Kb3+ Kb7 69. Ra5 Kc6 70. Ra6+ Kd5 71. c4+ Ke5 72.
Rc6 Ne4 73. Rc8 Kd4 74. Rd8+ Ke3 75. Bc2 f3 76. Rf8 f2 0-1